00410nam a22001337a 4500003000500000082000800005100002700013245009800040264003500138300002400173500001400197650003000211700003500241NUST a621 aAlam, Syed Hashim Raza aModeling and Digital Control of Quarter Car Suspension System Test RigcSyed Hashim Raza Alam aIslamabad: bSMME- NUST.c2015 b Soft Copy, c30cm. aHardcover aMS Mechanical Engineering aSupervisor : Dr. Mohsin Jamil